[Event "24. Copenhagen Open  (Politiken Cup)"]
[Site "Copenhagen"]
[Date "2002.07.17"]
[Round "3"]
[White "Christensen, Christoffer"]
[Black "Tretvold, Martin"]
[Result "1/2-1/2"]
[WhiteElo "1464"]
[BlackElo "1801"]
[PlyCount "43"]
[EventDate "2002.07.15"]
[EventType "swiss"]
[EventRounds "11"]
[EventCountry "DEN"]
[SourceDate "2004.01.01"]

1. e4 e5 2. f4 exf4 3. Nf3 h6 4. Bc4 Nf6 5. d4 d5 6. exd5 Nxd5 7. Bxd5 Qxd5 8.
Bxf4 Bd6 9. Nc3 Qe6+ 10. Kf2 O-O 11. Re1 Qf6 12. Bxd6 Qxd6 13. Ne4 Qb4 14. Qd3
Nc6 15. a3 Qb6 16. b4 Bg4 17. c3 Bxf3 18. gxf3 Ne7 19. Rg1 Ng6 20. a4 Qe6 21.
Rg3 Nf4 22. Qe3 1/2-1/2

[Event "24. Copenhagen Open  (Politiken Cup)"]
[Site "Copenhagen"]
[Date "2002.07.17"]
[Round "3"]
[White "Christensen, Janus"]
[Black "Rorvik, Jon F"]
[Result "0-1"]
[WhiteElo "1961"]
[BlackElo "2168"]
[PlyCount "70"]
[EventDate "2002.07.15"]
[EventType "swiss"]
[EventRounds "11"]
[EventCountry "DEN"]
[SourceDate "2004.01.01"]

1. e4 e5 2. Nf3 Nc6 3. Bc4 Bc5 4. c3 Nf6 5. d4 exd4 6. cxd4 Bb4+ 7. Nc3 Nxe4 8.
O-O Bxc3 9. d5 Bf6 10. Re1 Ne7 11. Rxe4 O-O 12. d6 cxd6 13. Qxd6 Nf5 14. Qd3
Ne7 15. Ng5 Ng6 16. Qd5 Nh8 17. Bf4 d6 18. Rae1 Bd7 19. Qxb7 Bf5 20. Nxf7 Nxf7
21. Bxf7+ Rxf7 22. Re8+ Qxe8 23. Rxe8+ Rxe8 24. Qb4 Rb7 25. Qc4+ Kh8 26. h3
Rxb2 27. Bxd6 Bg6 28. a4 h6 29. Qc5 Rd2 30. Bg3 Rd1+ 31. Kh2 Ree1 32. Bf4 Bh4
33. g3 Be4 34. gxh4 Rh1+ 35. Kg3 Rdg1# 0-1

[Event "24. Copenhagen Open  (Politiken Cup)"]
[Site "Copenhagen"]
[Date "2002.07.17"]
[Round "3"]
[White "Cohen, Ronnie"]
[Black "Rusanov, Alex"]
[Result "0-1"]
[WhiteElo "1800"]
[BlackElo "1429"]
[PlyCount "94"]
[EventDate "2002.07.15"]
[EventType "swiss"]
[EventRounds "11"]
[EventCountry "DEN"]
[SourceDate "2004.01.01"]

1. e4 c5 2. Nf3 d6 3. d4 cxd4 4. Nxd4 Nf6 5. Nc3 a6 6. Be2 e5 7. Nf3 Be6 8. O-O
Be7 9. Bg5 Nbd7 10. Qd2 h6 11. Be3 O-O 12. Rfd1 Qc7 13. Rac1 Rfd8 14. Nd5 Bxd5
15. exd5 Ng4 16. c4 e4 17. Nd4 Nxe3 18. fxe3 a5 19. Rf1 Bg5 20. Rf2 g6 21. Rcf1
Ne5 22. b3 Qc5 23. Kh1 Qb4 24. Qc1 Rf8 25. a3 Qc5 26. g3 h5 27. h4 Bh6 28. Rg2
Rae8 29. g4 hxg4 30. Bxg4 Nd3 31. Qc3 Bxe3 32. Nf5 f6 33. Nxe3 Qxe3 34. Qxa5
Nf4 35. Rgf2 Nh3 36. Qd2 Nxf2+ 37. Rxf2 Qxd2 38. Rxd2 e3 39. Re2 f5 40. Bh3 Re4
41. Kg2 Rfe8 42. Kf3 Rxh4 43. Bf1 f4 44. Rb2 g5 45. a4 Rh1 46. Bg2 Rg1 47. Bh3
Rg3+ 0-1

[Event "24. Copenhagen Open  (Politiken Cup)"]
[Site "Copenhagen"]
[Date "2002.07.17"]
[Round "3"]
[White "Dalsberg, Sandra de Blecourt"]
[Black "Rosenkilde, Alexander"]
[Result "1-0"]
[WhiteElo "2082"]
[BlackElo "1639"]
[PlyCount "33"]
[EventDate "2002.07.15"]
[EventType "swiss"]
[EventRounds "11"]
[EventCountry "DEN"]
[SourceDate "2004.01.01"]

1. d4 d5 2. c4 e6 3. Nc3 Nf6 4. cxd5 exd5 5. Bg5 Be7 6. e3 O-O 7. Bd3 Nbd7 8.
Qc2 h6 9. Bh4 Nb6 10. Nge2 Re8 11. O-O Be6 12. Nf4 Bg4 13. f3 g5 14. fxg4 Nxg4
15. Qe2 Qd7 16. Nh5 gxh4 17. Bf5 1-0

[Event "24. Copenhagen Open  (Politiken Cup)"]
[Site "Copenhagen"]
[Date "2002.07.17"]
[Round "3"]
[White "Eriksson, Magnus"]
[Black "Christensen, Stefan"]
[Result "0-1"]
[WhiteElo "2010"]
[BlackElo "2194"]
[PlyCount "78"]
[EventDate "2002.07.15"]
[EventType "swiss"]
[EventRounds "11"]
[EventCountry "DEN"]
[SourceDate "2004.01.01"]

1. e4 e6 2. d4 d5 3. Nc3 Bb4 4. e5 c5 5. Bd2 Ne7 6. Nb5 Bxd2+ 7. Qxd2 O-O 8. f4
a6 9. Nd6 cxd4 10. Nxc8 Qxc8 11. Nf3 Nbc6 12. O-O-O Nf5 13. Re1 Ne3 14. Kb1 Nc4
15. Qf2 Qc7 16. Nxd4 Qb6 17. c3 Na3+ 18. Kc1 Nxd4 19. Qxd4 Qxd4 20. cxd4 Rac8+
21. Kd1 Nc2 22. Re2 Nxd4 23. Rd2 Nf5 24. g3 Ne3+ 25. Ke2 Nxf1 26. Rxf1 Rc4 27.
Rf3 Rfc8 28. Rb3 b5 29. Kd3 f6 30. exf6 gxf6 31. Rc3 Rxc3+ 32. bxc3 Kf7 33. a3
e5 34. fxe5 fxe5 35. Rf2+ Ke6 36. h3 e4+ 37. Kd2 e3+ 38. Kxe3 Rxc3+ 39. Kd4
Rxg3 0-1

[Event "24. Copenhagen Open  (Politiken Cup)"]
[Site "Copenhagen"]
[Date "2002.07.17"]
[Round "3"]
[White "Frank Nielsen, Marie"]
[Black "Nielsen, Michael"]
[Result "0-1"]
[WhiteElo "1544"]
[BlackElo "2086"]
[PlyCount "54"]
[EventDate "2002.07.15"]
[EventType "swiss"]
[EventRounds "11"]
[EventCountry "DEN"]
[SourceDate "2004.01.01"]

1. e4 c5 2. Bc4 e6 3. Nc3 Nc6 4. a4 Nge7 5. Nge2 g6 6. O-O Bg7 7. Ng3 O-O 8. d3
d5 9. Ba2 a6 10. f4 dxe4 11. Ngxe4 Nf5 12. Kh1 Qe7 13. Ne2 b5 14. N2g3 Bb7 15.
axb5 axb5 16. Nxf5 exf5 17. Nc3 Nb4 18. Re1 Qd7 19. Re5 Bxe5 20. fxe5 Nxa2 21.
Rxa2 Rxa2 22. Nxa2 Qd5 23. Qf3 Qxa2 24. Qxb7 Qb1 25. h3 Qxc1+ 26. Kh2 Qf4+ 27.
Kg1 Qxe5 0-1

[Event "24. Copenhagen Open  (Politiken Cup)"]
[Site "Copenhagen"]
[Date "2002.07.17"]
[Round "3"]
[White "Gutierrez Castillo, Paloma"]
[Black "Schandorff, Lars"]
[Result "0-1"]
[WhiteElo "2088"]
[BlackElo "2547"]
[PlyCount "58"]
[EventDate "2002.07.15"]
[EventType "swiss"]
[EventRounds "11"]
[EventCountry "DEN"]
[SourceDate "2004.01.01"]

1. e4 c6 2. d4 d5 3. e5 Bf5 4. Nf3 e6 5. Be2 Ne7 6. O-O c5 7. c3 Nd7 8. b3 Nc6
9. Bb2 Be7 10. Re1 cxd4 11. cxd4 Nb4 12. Na3 Rc8 13. Bf1 O-O 14. Re3 a6 15. Ne1
Qa5 16. f4 f6 17. g4 Be4 18. Bg2 Bxg2 19. Kxg2 fxe5 20. fxe5 Rf4 21. h3 Nf8 22.
Qd2 Qb6 23. Nf3 Ng6 24. Kg3 Rcf8 25. Nc2 Nc6 26. Nce1 Qd8 27. Ng2 Rxf3+ 28.
Rxf3 Bh4+ 29. Kh2 Rxf3 0-1

[Event "24. Copenhagen Open  (Politiken Cup)"]
[Site "Copenhagen"]
[Date "2002.07.17"]
[Round "3"]
[White "Hagen, Andreas Skytte"]
[Black "Auchenberg, Per"]
[Result "1-0"]
[WhiteElo "2185"]
[BlackElo "2022"]
[PlyCount "59"]
[EventDate "2002.07.15"]
[EventType "swiss"]
[EventRounds "11"]
[EventCountry "DEN"]
[SourceDate "2004.01.01"]

1. c4 e5 2. g3 Nc6 3. Bg2 f5 4. Nc3 Nf6 5. d3 Bb4 6. Bd2 O-O 7. Nf3 Qe7 8. Nd5
Nxd5 9. cxd5 Bxd2+ 10. Nxd2 Nd8 11. O-O c5 12. dxc6 dxc6 13. Nc4 Nf7 14. Qc2 f4
15. Qc3 Bg4 16. f3 Qc5+ 17. e3 Be6 18. b4 Qd5 19. e4 Qd8 20. Nxe5 Qf6 21. d4
Nxe5 22. dxe5 Qg5 23. g4 h5 24. h3 hxg4 25. fxg4 Rad8 26. a3 a6 27. Rad1 Rxd1
28. Rxd1 f3 29. Bxf3 Qf4 30. Kg2 1-0

[Event "24. Copenhagen Open  (Politiken Cup)"]
[Site "Copenhagen"]
[Date "2002.07.17"]
[Round "3"]
[White "Hansen, Alexei"]
[Black "Rodriguez Vinuesa, Azahara"]
[Result "1/2-1/2"]
[WhiteElo "1563"]
[BlackElo "2095"]
[PlyCount "81"]
[EventDate "2002.07.15"]
[EventType "swiss"]
[EventRounds "11"]
[EventCountry "DEN"]
[SourceDate "2004.01.01"]

1. e4 c5 2. Nf3 Nc6 3. d4 cxd4 4. Nxd4 Nf6 5. Nc3 e5 6. Ndb5 d6 7. Bg5 a6 8.
Na3 b5 9. Nd5 Be7 10. Bxf6 Bxf6 11. c3 Bb7 12. Nc2 Bg5 13. Be2 Nb8 14. a4 bxa4
15. Rxa4 Nd7 16. Rc4 O-O 17. Ncb4 Nc5 18. Nc2 a5 19. b4 Ne6 20. O-O axb4 21.
Ncxb4 Nc5 22. Bd3 g6 23. Bc2 Bh6 24. Qg4 Kh8 25. f4 exf4 26. Nxf4 Qg5 27. Qe2
Ne6 28. Nfd5 Bg7 29. Nb6 Rad8 30. Nc6 Bxc6 31. Rxc6 Be5 32. g3 Qh6 33. Nc4 Qg7
34. Kh1 Rd7 35. Nb6 Rdd8 36. Qc4 Qh6 37. Kg2 Qd2+ 38. Rf2 Qh6 39. Nd5 Qg7 40.
Nc7 Nc5 41. Nd5 1/2-1/2

[Event "24. Copenhagen Open  (Politiken Cup)"]
[Site "Copenhagen"]
[Date "2002.07.17"]
[Round "3"]
[White "Hansen, Erik Friberg"]
[Black "McShane, Rod"]
[Result "1/2-1/2"]
[WhiteElo "1138"]
[BlackElo "1500"]
[PlyCount "56"]
[EventDate "2002.07.15"]
[EventType "swiss"]
[EventRounds "11"]
[EventCountry "DEN"]
[SourceDate "2004.01.01"]

1. c4 Nf6 2. d4 g6 3. Nc3 Bg7 4. e4 d6 5. Nf3 O-O 6. Be2 Nbd7 7. O-O c5 8. d5
Ne8 9. Bd3 Ne5 10. Nxe5 Bxe5 11. Qc2 e6 12. g3 exd5 13. exd5 Bh3 14. Re1 f5 15.
f4 Bd4+ 16. Kh1 Nc7 17. Be3 Qf6 18. Qd2 Rae8 19. Rac1 Bxe3 20. Rxe3 Rxe3 21.
Qxe3 Re8 22. Qf2 Qe7 23. Be2 Qe3 24. Qxe3 Rxe3 25. Kg1 a6 26. Kf2 Re7 27. a3
Kf7 28. Re1 Ne8 1/2-1/2

[Event "24. Copenhagen Open  (Politiken Cup)"]
[Site "Copenhagen"]
[Date "2002.07.17"]
[Round "3"]
[White "Hansen, Martin Holmegaard"]
[Black "Schmied, Andreas"]
[Result "1/2-1/2"]
[WhiteElo "1926"]
[BlackElo "2134"]
[PlyCount "49"]
[EventDate "2002.07.15"]
[EventType "swiss"]
[EventRounds "11"]
[EventCountry "DEN"]
[SourceDate "2004.01.01"]

1. d4 Nf6 2. c4 e6 3. g3 d5 4. Bg2 Be7 5. Nf3 O-O 6. O-O dxc4 7. Ne5 Nc6 8.
Bxc6 bxc6 9. Nxc6 Qe8 10. Nxe7+ Qxe7 11. Qa4 c5 12. Qxc4 cxd4 13. Qxd4 Rd8 14.
Qh4 Rb8 15. b3 Ba6 16. Re1 Qc5 17. Be3 Qa5 18. Nd2 Rxd2 19. Bxd2 Qxd2 20. Qf4
Qxf4 21. gxf4 Kf8 22. e3 Ke7 23. Rac1 Ne8 24. Rc5 Rb5 25. Rec1 1/2-1/2

[Event "24. Copenhagen Open  (Politiken Cup)"]
[Site "Copenhagen"]
[Date "2002.07.17"]
[Round "3"]
[White "Hansen, Torbjorn Ringdal"]
[Black "Felgaer, Ruben"]
[Result "0-1"]
[WhiteElo "2280"]
[BlackElo "2509"]
[PlyCount "64"]
[EventDate "2002.07.15"]
[EventType "swiss"]
[EventRounds "11"]
[EventCountry "DEN"]
[SourceDate "2004.01.01"]

1. c4 c5 2. Nc3 g6 3. g3 Bg7 4. Bg2 Nc6 5. Nf3 e5 6. d3 d6 7. Nd2 Be6 8. Nf1 f5
9. Ne3 Nh6 10. Ned5 O-O 11. h4 Ng4 12. h5 g5 13. f3 Nh6 14. Bh3 Kh8 15. Be3 Nd4
16. Qd2 Nf7 17. O-O-O h6 18. f4 exf4 19. gxf4 g4 20. Bg2 Rb8 21. Bf2 a6 22. Bh4
Qa5 23. Ne7 b5 24. e3 bxc4 25. Ng6+ Kg8 26. Nxf8 Nb3+ 27. axb3 Qa1+ 28. Nb1 c3
29. bxc3 Rxb3 30. Qc2 Rxc3 31. Rd2 Bb3 32. Ng6 Bxc2 0-1

[Event "24. Copenhagen Open  (Politiken Cup)"]
[Site "Copenhagen"]
[Date "2002.07.17"]
[Round "3"]
[White "Hau, Helge"]
[Black "Opstrup, Niels"]
[Result "1-0"]
[WhiteElo "1503"]
[BlackElo "1196"]
[PlyCount "37"]
[EventDate "2002.07.15"]
[EventType "swiss"]
[EventRounds "11"]
[EventCountry "DEN"]
[SourceDate "2004.01.01"]

1. f4 e5 2. fxe5 d6 3. exd6 Bxd6 4. Nf3 g5 5. g3 h5 6. d4 f6 7. Qd3 Kf7 8. Nc3
h4 9. gxh4 g4 10. Ng1 Rh5 11. e4 Be7 12. Bf4 f5 13. O-O-O c6 14. e5 Be6 15. Bg2
Qa5 16. d5 cxd5 17. Bxd5 Nc6 18. Bxe6+ Kxe6 19. Qc4+ 1-0

[Event "24. Copenhagen Open  (Politiken Cup)"]
[Site "Copenhagen"]
[Date "2002.07.17"]
[Round "3"]
[White "Hector, Jonny"]
[Black "Aagaard, Jacob"]
[Result "0-1"]
[WhiteElo "2562"]
[BlackElo "2359"]
[PlyCount "140"]
[EventDate "2002.07.15"]
[EventType "swiss"]
[EventRounds "11"]
[EventCountry "DEN"]
[SourceDate "2004.01.01"]

1. e4 c5 2. Nf3 d6 3. d4 cxd4 4. Nxd4 Nf6 5. Nc3 g6 6. Be3 Bg7 7. f3 Nc6 8. Bc4
O-O 9. Qe2 Na5 10. Bd3 a6 11. O-O b5 12. Rad1 e5 13. Nb3 Be6 14. Qf2 Nc4 15.
Bc1 Qc7 16. Kh1 Qc6 17. Qh4 h6 18. f4 exf4 19. Nd4 Qc5 20. Nxe6 fxe6 21. Qxf4
Ne5 22. Qg3 g5 23. Be3 Qc6 24. a3 Rae8 25. Qe1 Nfg4 26. Bg1 Ng6 27. Rxf8+ Rxf8
28. Be2 Rf4 29. h3 Bxc3 30. Qxc3 Qxc3 31. bxc3 Nf2+ 32. Bxf2 Rxf2 33. Bf1 g4
34. Kg1 g3 35. Rd3 Rxc2 36. Rxg3 Kf7 37. Re3 Kf6 38. g3 Ne5 39. h4 Ra2 40. Be2
Rxa3 41. Kf2 Ra2 42. Ke1 Ra1+ 43. Kd2 Rg1 44. Kc2 Rg2 45. Kd1 Nc4 46. Bxc4 bxc4
47. e5+ dxe5 48. Re4 Rxg3 49. Rxc4 Kf5 50. Kc2 Rg2+ 51. Kd3 e4+ 52. Ke3 Rg3+
53. Kf2 Rh3 54. Rc6 a5 55. Ra6 Rxc3 56. Rxa5+ Kf4 57. Ra6 Rc2+ 58. Ke1 Rh2 59.
Rxe6 h5 60. Kf1 Rxh4 61. Kg2 Ke3 62. Ra6 Rg4+ 63. Kf1 Rf4+ 64. Ke1 Kf3 65. Ra3+
e3 66. Ra8 h4 67. Re8 h3 68. Rh8 Kg3 69. Ke2 h2 70. Kxe3 Rg4 0-1

[Event "24. Copenhagen Open  (Politiken Cup)"]
[Site "Copenhagen"]
[Date "2002.07.17"]
[Round "3"]
[White "Helin, Mikael"]
[Black "Li, Mike"]
[Result "0-1"]
[WhiteElo "2016"]
[BlackElo "1475"]
[PlyCount "84"]
[EventDate "2002.07.15"]
[EventType "swiss"]
[EventRounds "11"]
[EventCountry "DEN"]
[SourceDate "2004.01.01"]

1. e4 e5 2. Nc3 Nc6 3. f4 exf4 4. Nf3 d6 5. Bc4 Ne5 6. Bb3 Nf6 7. d4 Ng6 8. Ng5
d5 9. O-O Be7 10. Nxf7 Kxf7 11. e5 c6 12. exf6 Bd6 13. Ne4 Bc7 14. Qh5 Kf8 15.
Ng5 Qxf6 16. Nxh7+ Rxh7 17. Qxh7 Qg5 18. Bd2 Bf5 19. Rae1 Nh4 20. Bb4+ Kf7 21.
Re7+ Kf6 22. Rxg7 Bxh7 23. Rxg5 Kxg5 24. c4 Be4 25. Be7+ Kg4 26. Bd1+ f3 27.
cxd5 Bxd5 28. Kf2 Nxg2 29. h3+ Kf4 30. h4 Re8 31. Bg5+ Kg4 32. Bd2 Bg3+ 33. Kg1
Nxh4 34. a4 Bc4 35. d5 Bxf1 36. Kxf1 cxd5 37. a5 Nf5 38. Kg1 Bf4 39. Bc3 Rc8
40. Ba4 d4 41. Bxd4 Rc1+ 42. Kf2 Bg3# 0-1

[Event "24. Copenhagen Open  (Politiken Cup)"]
[Site "Copenhagen"]
[Date "2002.07.17"]
[Round "3"]
[White "Hillarp Persson, Tiger"]
[Black "Simonsen, Olavur"]
[Result "1-0"]
[WhiteElo "2461"]
[BlackElo "2240"]
[PlyCount "37"]
[EventDate "2002.07.15"]
[EventType "swiss"]
[EventRounds "11"]
[EventCountry "DEN"]
[SourceDate "2004.01.01"]

1. c4 Nc6 2. g3 e5 3. Bg2 f5 4. Nc3 Nf6 5. d3 Bc5 6. e3 f4 7. exf4 O-O 8. Nge2
d6 9. h3 Qe8 10. fxe5 Ng4 11. Bd5+ Kh8 12. hxg4 Bxf2+ 13. Kd2 Bxg4 14. Be4 Nd4
15. Rxh7+ Kg8 16. Qh1 Qxe5 17. Nxd4 Be3+ 18. Kc2 Rf2+ 19. Kb3 1-0

[Event "24. Copenhagen Open  (Politiken Cup)"]
[Site "Copenhagen"]
[Date "2002.07.17"]
[Round "3"]
[White "Holm, Sejer"]
[Black "Preuss, Flemming"]
[Result "1-0"]
[WhiteElo "2321"]
[BlackElo "2063"]
[PlyCount "63"]
[EventDate "2002.07.15"]
[EventType "swiss"]
[EventRounds "11"]
[EventCountry "DEN"]
[SourceDate "2004.01.01"]

1. d4 f5 2. Nd2 Nf6 3. c3 d6 4. Qc2 e5 5. dxe5 dxe5 6. e4 fxe4 7. Nxe4 Nc6 8.
Bd3 Qe7 9. Be3 Nxe4 10. Bxe4 g6 11. Nf3 Bg7 12. b4 Be6 13. Bc5 Qf6 14. O-O Kf7
15. b5 Nd8 16. Rfe1 Re8 17. a4 Rc8 18. Bxa7 c6 19. bxc6 Nxc6 20. Be3 Kg8 21.
Rab1 Rc7 22. Bb6 Rf7 23. a5 Bf5 24. h3 Rc8 25. Qb3 Kh8 26. Rbd1 Rff8 27. Bxc6
Rxc6 28. Nxe5 Re6 29. Bd4 Qe7 30. Nf3 Bxh3 31. gxh3 Rxf3 32. Qxe6 1-0

[Event "24. Copenhagen Open  (Politiken Cup)"]
[Site "Copenhagen"]
[Date "2002.07.17"]
[Round "3"]
[White "Jakobsen, Ole"]
[Black "Ekeberg, Carl Fredrik"]
[Result "1/2-1/2"]
[WhiteElo "2398"]
[BlackElo "2213"]
[PlyCount "48"]
[EventDate "2002.07.15"]
[EventType "swiss"]
[EventRounds "11"]
[EventCountry "DEN"]
[SourceDate "2004.01.01"]

1. Nf3 Nf6 2. g3 d5 3. b3 e6 4. Bg2 Nbd7 5. Bb2 Bd6 6. c4 O-O 7. O-O c6 8. Nc3
b6 9. Rc1 Bb7 10. cxd5 exd5 11. d4 Re8 12. Qc2 Rc8 13. Rfe1 Qc7 14. Nd2 Qb8 15.
Qf5 Bf8 16. e4 g6 17. Qh3 dxe4 18. Ndxe4 Rcd8 19. Bf3 Bg7 20. Nxf6+ Nxf6 21.
Qg2 Rxe1+ 22. Rxe1 Nd5 23. Nxd5 cxd5 24. h4 h5 1/2-1/2

[Event "24. Copenhagen Open  (Politiken Cup)"]
[Site "Copenhagen"]
[Date "2002.07.17"]
[Round "3"]
[White "Jensen, Alexander Lindberg"]
[Black "Volokitin, Alexander"]
[Result "0-1"]
[WhiteElo "1342"]
[BlackElo "1600"]
[PlyCount "76"]
[EventDate "2002.07.15"]
[EventType "swiss"]
[EventRounds "11"]
[EventCountry "DEN"]
[SourceDate "2004.01.01"]

1. d4 Nf6 2. c4 g6 3. Nc3 Bg7 4. e4 d6 5. Nf3 O-O 6. Bg5 Nbd7 7. Be2 h6 8. Be3
e5 9. d5 Ng4 10. Qd2 Nxe3 11. Qxe3 f5 12. Bd3 Nf6 13. O-O Rf7 14. Qe2 fxe4 15.
Nxe4 Bg4 16. h3 Bxf3 17. Qxf3 Nxd5 18. Qg4 Nf4 19. Bc2 h5 20. Qg5 Bf6 21. Nxf6+
Qxf6 22. Qxf6 Rxf6 23. Rad1 Raf8 24. Rd2 Kg7 25. Rfd1 Ne6 26. f3 Rf4 27. b3 Rd4
28. Rxd4 Nxd4 29. Be4 Ne2+ 30. Kf2 Nc3 31. Re1 Nxe4+ 32. Rxe4 Rf4 33. Kg3 h4+
34. Kf2 Kf6 35. Ke3 g5 36. a3 c6 37. Rxf4+ gxf4+ 38. Ke4 Ke6 0-1

[Event "24. Copenhagen Open  (Politiken Cup)"]
[Site "Copenhagen"]
[Date "2002.07.17"]
[Round "3"]
[White "Jensen, Allan Astrup"]
[Black "Manley, Christian"]
[Result "1/2-1/2"]
[WhiteElo "2205"]
[BlackElo "1469"]
[PlyCount "91"]
[EventDate "2002.07.15"]
[EventType "swiss"]
[EventRounds "11"]
[EventCountry "DEN"]
[SourceDate "2004.01.01"]

1. e4 e5 2. Bc4 Nf6 3. d3 c6 4. Nf3 d5 5. Bb3 Bg4 6. h3 Bxf3 7. Qxf3 dxe4 8.
dxe4 h6 9. O-O Bc5 10. Qg3 Nbd7 11. Qxg7 Rh7 12. Qg3 Nxe4 13. Qg8+ Nf8 14. Be3
Qe7 15. Qg4 Nf6 16. Qf5 Bxe3 17. fxe3 N8d7 18. Nc3 Rg7 19. Rad1 O-O-O 20. Ne4
Nxe4 21. Qxe4 Kc7 22. Qf5 f6 23. Rd3 Rg5 24. Qf3 Rh8 25. Rd2 Rh7 26. h4 Rg6 27.
c3 Rhg7 28. Rfd1 Nc5 29. Bc2 Rg3 30. Qh5 Rxe3 31. Qxh6 Rf3 32. b4 Ne6 33. Rd7+
Qxd7 34. Rxd7+ Kxd7 35. Qxg7+ Nxg7 36. gxf3 Nh5 37. Bf5+ Kd6 38. Kf2 b6 39. Ke3
Nf4 40. Ke4 Nd5 41. h5 Ke7 42. h6 Kf7 43. Kd3 Ne7 44. Ke4 Nd5 45. Bd7 Ne7 46.
Bf5 1/2-1/2

[Event "24. Copenhagen Open  (Politiken Cup)"]
[Site "Copenhagen"]
[Date "2002.07.17"]
[Round "3"]
[White "Jorgensen, Carina E"]
[Black "Mathiesen, Erik"]
[Result "1-0"]
[WhiteElo "1643"]
[BlackElo "1958"]
[PlyCount "113"]
[EventDate "2002.07.15"]
[EventType "swiss"]
[EventRounds "11"]
[EventCountry "DEN"]
[SourceDate "2004.01.01"]

1. e4 e5 2. Nf3 Nf6 3. Nc3 Nc6 4. d3 h6 5. Be2 d5 6. O-O Be6 7. exd5 Nxd5 8.
Nxd5 Bxd5 9. d4 exd4 10. Nxd4 Qf6 11. Bb5 O-O-O 12. Qg4+ Kb8 13. Nxc6+ Bxc6 14.
Bxc6 Qxc6 15. Bf4 g5 16. Be5 f6 17. Bc3 Bc5 18. Rad1 Rxd1 19. Rxd1 Re8 20. Qf5
a6 21. Kf1 Bd6 22. Qxf6 Qc4+ 23. Kg1 Qe2 24. Qf3 Qxc2 25. Qd3 Qa4 26. a3 Qh4
27. g3 Qh3 28. Qf1 Qf5 29. Re1 Rf8 30. Qe2 Bc5 31. Rf1 g4 32. b4 Ba7 33. Bb2 h5
34. Bc1 Qf3 35. Qxf3 Rxf3 36. a4 Rb3 37. Bd2 Rf3 38. Kg2 Kc8 39. Bf4 h4 40. h3
Rb3 41. hxg4 Rxb4 42. Ra1 hxg3 43. fxg3 Bd4 44. Ra2 Rb2+ 45. Rxb2 Bxb2 46. Kf3
Kd7 47. Ke4 c6 48. Bd2 Ke6 49. g5 b5 50. axb5 axb5 51. Bb4 Bc1 52. g6 Bb2 53.
Bf8 Bf6 54. g4 Be7 55. g7 Kf7 56. Bxe7 Kxg7 57. Kf5 1-0

[Event "24. Copenhagen Open  (Politiken Cup)"]
[Site "Copenhagen"]
[Date "2002.07.17"]
[Round "3"]
[White "Jorgensen, Morten"]
[Black "Pedersen, Kaj Vinding"]
[Result "0-1"]
[WhiteElo "1257"]
[BlackElo "1529"]
[PlyCount "76"]
[EventDate "2002.07.15"]
[EventType "swiss"]
[EventRounds "11"]
[EventCountry "DEN"]
[SourceDate "2004.01.01"]

1. d4 Nf6 2. c4 e5 3. dxe5 Ng4 4. Bf4 Nc6 5. Nf3 Bb4+ 6. Nbd2 Qe7 7. e3 Ngxe5
8. Nxe5 Nxe5 9. Be2 O-O 10. O-O Bxd2 11. Qxd2 d6 12. Bg3 Re8 13. Rac1 b6 14. b4
a5 15. a3 axb4 16. axb4 Bb7 17. Qb2 Be4 18. Bxe5 Qxe5 19. Qxe5 Rxe5 20. f3 Bg6
21. Ra1 Ree8 22. e4 f5 23. Bd3 fxe4 24. Bxe4 Bxe4 25. fxe4 Rxa1 26. Rxa1 Rxe4
27. c5 dxc5 28. bxc5 bxc5 29. Rd1 Rd4 30. Rc1 c4 31. Kf2 Kf7 32. Ke3 c5 33. Rb1
Ke6 34. Rb7 Rd7 35. Rb6+ Kd5 36. Rb1 Re7+ 37. Kf3 c3 38. Rd1+ Kc4 0-1

[Event "24. Copenhagen Open  (Politiken Cup)"]
[Site "Copenhagen"]
[Date "2002.07.17"]
[Round "3"]
[White "Jorgensen, Orla"]
[Black "Auchenberg, Einar"]
[Result "1-0"]
[WhiteElo "1420"]
[BlackElo "1654"]
[PlyCount "79"]
[EventDate "2002.07.15"]
[EventType "swiss"]
[EventRounds "11"]
[EventCountry "DEN"]
[SourceDate "2004.01.01"]

1. Nf3 Nf6 2. g3 e6 3. c4 c5 4. Nc3 Nc6 5. Bg2 Bd6 6. O-O h5 7. h4 Ng4 8. d4
cxd4 9. Nxd4 Nxd4 10. Qxd4 Be5 11. Qd3 f5 12. Bg5 Qb6 13. b3 Bd4 14. e3 Be5 15.
Rad1 O-O 16. Ne2 Rf7 17. Nf4 Bxf4 18. Bxf4 e5 19. Bg5 e4 20. Qc3 d6 21. Bf4 Rf6
22. Rd2 Re6 23. Rfd1 Ne5 24. Bxe5 dxe5 25. Rd8+ Kh7 26. Bh3 Kg6 27. Rf8 Rd6 28.
Bxf5+ Bxf5 29. Rxd6+ Qxd6 30. Rxa8 Qd1+ 31. Kh2 Qf3 32. Qe1 Qg4 33. Qf1 a6 34.
Rb8 Bc8 35. Qg2 Kf6 36. Rxc8 Qxc8 37. Qxe4 g5 38. hxg5+ Kxg5 39. Qxe5+ Kg4 40.
Qf4# 1-0

[Event "24. Copenhagen Open  (Politiken Cup)"]
[Site "Copenhagen"]
[Date "2002.07.17"]
[Round "3"]
[White "Kiriakov, Petr"]
[Black "Cech, Pavel"]
[Result "1/2-1/2"]
[WhiteElo "2553"]
[BlackElo "2316"]
[PlyCount "94"]
[EventDate "2002.07.15"]
[EventType "swiss"]
[EventRounds "11"]
[EventCountry "DEN"]
[SourceDate "2004.01.01"]

1. d4 d5 2. c4 e6 3. Nf3 Nf6 4. Nc3 c5 5. e3 a6 6. cxd5 exd5 7. Be2 Nc6 8. O-O
Bd6 9. dxc5 Bxc5 10. a3 O-O 11. b4 Ba7 12. Bb2 d4 13. exd4 Nxd4 14. Nxd4 Bxd4
15. Bf3 a5 16. b5 Be6 17. Qd2 Be5 18. Qe3 Qb8 19. g3 Re8 20. Rfe1 Nd7 21. Rad1
Bf6 22. Bg2 Bg4 23. Qxe8+ Qxe8 24. Rxe8+ Rxe8 25. f3 Bf5 26. Na4 Bxb2 27. Nxb2
Re3 28. Nc4 Rd3 29. Re1 Be6 30. Nxa5 b6 31. Nc6 Rxa3 32. f4 g6 33. Nd4 Nc5 34.
Nxe6 Nxe6 35. Rd1 Kf8 36. Rd6 Ra1+ 37. Bf1 Rb1 38. Rxb6 Nd4 39. Rb8+ Ke7 40.
Rb7+ Kf6 41. Kg2 Rb2+ 42. Kh3 Nf3 43. g4 Nd2 44. Be2 Ne4 45. g5+ Kg7 46. Bf3
Rb3 47. Kg2 Rb2+ 1/2-1/2

[Event "24. Copenhagen Open  (Politiken Cup)"]
[Site "Copenhagen"]
[Date "2002.07.17"]
[Round "3"]
[White "Kjartansson, Gudmundur"]
[Black "Busk, Casper"]
[Result "1-0"]
[WhiteElo "2105"]
[BlackElo "1874"]
[PlyCount "83"]
[EventDate "2002.07.15"]
[EventType "swiss"]
[EventRounds "11"]
[EventCountry "DEN"]
[SourceDate "2004.01.01"]

1. e4 c5 2. Nf3 d6 3. d4 cxd4 4. Nxd4 Nf6 5. Nc3 a6 6. f3 e5 7. Nb3 Be6 8. g4
Be7 9. Be3 Nc6 10. Qd2 d5 11. g5 d4 12. gxf6 Bxf6 13. O-O-O dxe3 14. Qxe3 Nd4
15. Kb1 Qc7 16. Qf2 O-O-O 17. Nxd4 exd4 18. Ne2 Qa5 19. Nc1 Rd6 20. f4 Rb6 21.
Nb3 Bxb3 22. axb3 Kb8 23. Bc4 Qh5 24. e5 Bh4 25. Qxd4 Rd8 26. Qg1 Rxd1+ 27.
Qxd1 Qxd1+ 28. Rxd1 Kc7 29. Bxf7 Be7 30. f5 Rh6 31. Be6 Bc5 32. Rd7+ Kc6 33. c3
Rxh2 34. Rxg7 Re2 35. b4 Bb6 36. c4 Rxe5 37. Bd5+ Kd6 38. f6 Bd8 39. f7 Be7 40.
Rxh7 b5 41. b3 Kd7 42. f8=Q 1-0